| 000 | 00556nam a22001937a 4500 | ||
|---|---|---|---|
| 003 | OSt | ||
| 005 | 20190618133019.0 | ||
| 008 | 130703t xxu||||| |||| 00| 0 eng d | ||
| 020 | _a0852296339 | ||
| 050 |
_aAE 5 _b.B862 1995 |
||
| 082 | _bB777 1995 | ||
| 245 |
_aThe New encyclopedia britannica: _bReady reference / |
||
| 260 |
_aChicago : _bEncyclopedia Britannica, _cc1997. |
||
| 300 |
_a980 p. ; _bill, some col.; _c29 cm. |
||
| 520 | _a1. Encyclopedias and dictionaries. 2. Reference books. | ||
| 562 | _e1 | ||
| 942 |
_2lcc _cBK |
||
| 999 |
_c3636 _d3636 |
||